Phlebotominae de Colombia (<Diptera, Psychodidae>): III. consideraciones sobre el estudio de los dipteros de los géneros Brumptomyia y Lutzomyia Franca, 1924 (Registro nro. 15195)
[ vista simple ]
| 000 -CABECERA | |
|---|---|
| Campo de control | 005150000a22001330004500 |
| 090 ## - CLASIFICACIÓN LOCAL | |
| Colección | AS |
| Consecutivo | Seriadas |
| 041 0# - IDIOMA | |
| Código de idioma para texto/pista de sonido o título separado | |
| 100 1# - ASIENTO PRINCIPAL--NOMBRE PERSONAL | |
| Nombre personal | Osorno Mesa, Ernesto |
| 245 10 - MENCION DE TITULO | |
| Título | Phlebotominae de Colombia (<Diptera, Psychodidae>): III. consideraciones sobre el estudio de los dipteros de los géneros Brumptomyia y Lutzomyia Franca, 1924 |
| 700 1# - ASIENTO SECUNDARIO - NOMBRE PERSONAL | |
| Nombre personal | Osorno, Fenita de |
| 700 1# - ASIENTO SECUNDARIO - NOMBRE PERSONAL | |
| Nombre personal | Morales Alarcón, Alberto |
| 773 1# - Item fuente: | |
| Título | Lozania: Acta Zoológica Colombiana |
| Especificación de materiales | 375 |
| Descripción física | 16 |
| Paginas del Articulo | 1-7 |
| Lugar, editorial y fecha de publicación | 1968 |
| 942 ## - ELEMENTOS ADICIONALES (KOHA) | |
| Tipo de ítem | Artículo |
No hay ítems disponibles.